LEADER 00500nam##22001337##450# 001 9910551575103321 010 $a9788849845372 100 $a########d########u##y0engy50####ba 105 0 $a########00### 200 1 $aStoria dell'Ordine di San Camillo : la provincia siculo-napoletana / Sabina Andreoni, Massimo C. Giannini, Giovanni Pizzorusso. 700 $aAndreoni, Sabina.$01024909 912 $a9910551575103321 996 $aStoria dell'Ordine di San Camillo : la provincia siculo-napoletana$92797818 997 $aUNINA LEADER 01408oam 2200421 450 001 9910713981703321 005 20201215083151.0 035 $a(CKB)5470000002505843 035 $a(OCoLC)1198234364$z(OCoLC)1200462112 035 $a(EXLCZ)995470000002505843 100 $a20200930d1982 ua 0 101 0 $aeng 135 $aurbn||||||||| 181 $ctxt$2rdacontent 182 $cc$2rdamedia 183 $acr$2rdacarrier 200 00$aControl of radiation levels in unrestricted areas adjacent to brachytherapy patients 210 1$aWashington, D.C. :$cUnited States Nuclear Regulatory Commission, Office of Inspection and Enforcement,$d1982. 215 $a1 online resource 225 1 $aInformation notice ;$vno. 82-33 300 $a"August 20, 1982." 606 $aPatients$xCare 606 $aRadioisotope brachytherapy$xSafety measures 606 $aPatients$xCare$2fast 615 0$aPatients$xCare. 615 0$aRadioisotope brachytherapy$xSafety measures. 615 7$aPatients$xCare. 712 02$aU.S. Nuclear Regulatory Commission.$bOffice of Inspection and Enforcement, 801 0$bGPO 801 1$bGPO 801 2$bOCLCF 801 2$bGPO 801 2$bOCLCO 801 2$bGPO 906 $aBOOK 912 $a9910713981703321 996 $aControl of radiation levels in unrestricted areas adjacent to brachytherapy patients$93290909 997 $aUNINA